| 000 | 00444pab a2200169 454500 | ||
|---|---|---|---|
| 008 | 180718b2010 xxu||||| |||| 00| 0 eng d | ||
| 100 | _aBanerjee, Sumanta | ||
| 245 | _aWashing dirty Bengali Dhuti in public | ||
| 260 | _c2010 | ||
| 300 | _ap.20-22. | ||
| 362 | _a16 Jan | ||
| 650 | _aWest Bengal - Politics and government | ||
| 650 | _aPolitics and government | ||
| 773 | _aEconomic and Political Weekly | ||
| 908 | _aN | ||
| 909 | _a85182 | ||
| 999 |
_c85182 _d85182 |
||